Central Library OPAC University of Rajshahi

Nuclear energy / (Record no. 9366)

MARC details
000 -LEADER
fixed length control field 00712cam a22002651 4500
001 - CONTROL NUMBER
control field 9366
003 - CONTROL NUMBER IDENTIFIER
rucl marc code BD-RjUL
005 - DATE AND TIME OF LATEST TRANSACTION
control field 20211208234750.0
008 - FIXED-LENGTH DATA ELEMENTS--GENERAL INFORMATION
fixed length control field 140129s1958 xx 001 0 eng
035 ## - SYSTEM CONTROL NUMBER
System control number (BD-RjUL)9411
System control number (OCoLC)997881
040 ## - CATALOGING SOURCE
Original cataloging agency DLC
Transcribing agency TxU-Da
Modifying agency DLC
-- BD-RjUL
Language of cataloging eng
041 ## - LANGUAGE CODE
Language code of text/sound track or separate title eng
082 ## - DEWEY DECIMAL CLASSIFICATION NUMBER
Classification number 539.76
Author mark and year EFN 1958
100 1# - MAIN ENTRY--PERSONAL NAME
Personal name Efron, Alexander,
Dates associated with a name 1897-
9 (RLIN) 27013
245 10 - TITLE STATEMENT
Title Nuclear energy /
Statement of responsibility, etc. Alexander Efron
260 ## - PUBLICATION, DISTRIBUTION, ETC. (IMPRINT)
Place of publication, distribution, etc. New York :
Name of publisher, distributor, etc. J.F. Rider ,
Date of publication, distribution, etc. c1958
300 ## - PHYSICAL DESCRIPTION
Pagination vii, 63 p. :
Illustrations illus. ;
Size 21 cm.
490 0# - SERIES STATEMENT
Series statement Basic science series
504 ## - BIBLIOGRAPHY, ETC. NOTE
Bibliography, etc Includes index.
650 #0 - SUBJECT ADDED ENTRY--TOPICAL TERM
Topical term or geographic name as entry element Nuclear energy.
9 (RLIN) 29022
942 ## - ADDED ENTRY ELEMENTS (KOHA)
Source of classification or shelving scheme Dewey Decimal Classification
Koha item type Books
Holdings
Lost status Source of classification or shelving scheme Damaged status Not for loan Collection code Permanent Location Current Location Shelving location Date acquired Source of acquisition Total Checkouts Full call number Date last seen Copy number Koha item type
  Dewey Decimal Classification   Not For Loan Non-fiction Central Library, University of Rajshahi Central Library, University of Rajshahi Reading Room 15/05/1963 Asia foundation   539.76 EFN 1958 20/01/2014 C-1 Books